Southville International School and Colleges
Your cart is empty.
  • Cart
  • Lists
    Public lists Eva Luna New books Lux_list list_1
    Your lists Log in to create your own lists
  • Log in to your account
  • Your cookies
  • Search history
Southville International School and Colleges
  • Advanced search
  • Recent comments
  • Most popular
  • Libraries

Log in to your account

Log in with GOOGLE


If you do not have an external account, but do have a local account, you can still log in:

  1. Home
  2. MARC view: Brave knoght to the rescue! (A).
Normal view MARC view ISBD view

Brave knoght to the rescue! (A). (Record no. 110235)

[ view plain ]
MARC details
000 -LEADER
fixed length control field 00422nam a2200169 a 4500
001 - CONTROL NUMBER
control field 4140
005 - DATE AND TIME OF LATEST TRANSACTION
control field 20140414131852.0
008 - FIXED-LENGTH DATA ELEMENTS--GENERAL INFORMATION
fixed length control field 090218s19uu xx 00 eng d
020 ## - INTERNATIONAL STANDARD BOOK NUMBER
International Standard Book Number 0744560551
050 ## - LIBRARY OF CONGRESS CALL NUMBER
Classification number M 793.73
Item number M28 1998
100 ## - MAIN ENTRY--PERSONAL NAME
Personal name Miadment, Stella
245 ## - TITLE STATEMENT
Title Brave knoght to the rescue! (A).
260 ## - PUBLICATION, DISTRIBUTION, ETC. (IMPRINT)
Place of publication, distribution, etc London :
Name of publisher, distributor, etc Walker Books,
Date of publication, distribution, etc 1998.
300 ## - PHYSICAL DESCRIPTION
Extent 25
650 ## - SUBJECT ADDED ENTRY--TOPICAL TERM
Topical term or geographic name as entry element Picture-
General subdivision numbers
Holdings
Withdrawn status Lost status Damaged status Home library Current library Shelving location Date acquired Total Checkouts Full call number Barcode Date last seen Price effective from Koha item type
      Munich Library Munich Library Main Section 02/18/2009   M 793.73 M28 1998 M0571 04/14/2014 04/14/2014 Books

Brave knoght to the rescue! (A).

APA

Miadment S., . (1998). Brave knoght to the rescue! (A). London: Walker Books.

Chicago

Miadment Stella, . 1998. Brave knoght to the rescue! (A). London: Walker Books.

Harvard

Miadment S., . (1998). Brave knoght to the rescue! (A). London: Walker Books.

MLA

Miadment Stella, . Brave knoght to the rescue! (A). London: Walker Books. 1998.

  • Place hold
  • Print
  • Cite
  • Add to your cart (remove)
  • Save record
    BIBTEX Dublin Core MARCXML MARC (non-Unicode/MARC-8) MARC (Unicode/UTF-8) MARC (Unicode/UTF-8, Standard) MODS (XML) RIS
  • More searches
    Search for this title in:
    Other Libraries (WorldCat) Other Databases (Google Scholar) Online Stores (Bookfinder.com) Open Library (openlibrary.org)

Exporting to Dublin Core...

SOUTHVILLE LIBRARY

Southville International School and Colleges Library

1281 Tropical Ave. Cor. Luxembourg St., BF Homes International, Las Pinas City

Tel. No. 8256374 / 252358 Loc. 117/146

Powered by Koha